| 000 | 01425cam a2200397 i 4500 | ||
|---|---|---|---|
| 999 |
_c127899 _d127899 |
||
| 001 | 18410371 | ||
| 003 | ARRUPE | ||
| 005 | 20180411120045.0 | ||
| 008 | 141218s2015 mau b 000 0 eng | ||
| 010 | _a 2014035912 | ||
| 020 | _a9780745686813 (hardcover : alk. paper) | ||
| 020 | _a0745686818 (hardcover : alk. paper) | ||
| 020 | _a9780745686820 (pbk. : alk. paper) | ||
| 020 | _a0745686826 (pbk. : alk. paper) | ||
| 040 |
_aDLC _beng _cDLC _erda _dDLC |
||
| 041 | 1 |
_aeng _hger |
|
| 042 | _apcc | ||
| 050 | 0 | 0 |
_aB3258.H323 _bI413 2015 |
| 082 | 0 | 0 |
_a300 _223 |
| 100 | 1 |
_aHabermas, Jürgen. _941422 |
|
| 245 | 1 | 4 |
_aThe lure of technocracy / _cJürgen Habermas ; translated by Ciaran Cronin. |
| 260 |
_aPolity Press _bCambridge _c2015 |
||
| 300 |
_axi, 176 p. ; _c22 cm |
||
| 504 | _aIncludes bibliographical references. | ||
| 650 | 0 |
_aJews, German. _941423 |
|
| 650 | 0 |
_aJews _zGermany. _941424 |
|
| 650 | 0 |
_aTechnocracy. _941425 |
|
| 650 | 0 |
_aEurozone. _941426 |
|
| 650 | 0 |
_aPolitical culture _zEurope. _941427 |
|
| 651 | 0 |
_aEurope _xPolitics and government _y1989- _941428 |
|
| 906 |
_a7 _bcbc _corignew _d1 _eecip _f20 _gy-gencatlg |
||
| 942 |
_2lcc _cMONOGRAPH |
||